[Event "56th Hull Congress"]
[Site "Hull"]
[Date "2019.11.02"]
[Round "3"]
[Board "4"]
[White "Willow, Jonah B"]
[Black "Starley, Robert"]
[Result "1-0"]
[WhiteElo "2352"]
[BlackElo "2086"]
[PlyCount "0"]
[EventDate "2019.11.01"]
[EventRounds "5"]
[EventCountry "ENG"]

1. e4 {[%clk 01:30:58]} e5 {[%clk 01:30:55]} {[%emt 00:00:06]} 2. Nf3 {[%clk
01:31:19]} {[%emt 00:00:09]} Nc6 {[%clk 01:31:21]} {[%emt 00:00:05]} 3. Bc4
{[%clk 01:31:25]} {[%emt 00:00:23]} Bc5 {[%clk 01:31:33]} {[%emt 00:00:18]} 4.
c3 {[%clk 01:31:50]} {[%emt 00:00:04]} Nf6 {[%clk 01:31:59]} {[%emt 00:00:05]}
5. d4 {[%clk 01:32:09]} {[%emt 00:00:10]} exd4 {[%clk 01:32:22]} {[%emt
00:00:08]} 6. cxd4 {[%clk 01:32:36]} {[%emt 00:00:03]} Bb4+ {[%clk 01:32:46]}
{[%emt 00:00:06]} 7. Kf1 {[%clk 01:33:04]} {[%emt 00:00:02]} d5 {[%clk
01:23:40]} {[%emt 00:09:36]} 8. exd5 {[%clk 01:33:08]} {[%emt 00:00:26]} Nxd5
{[%clk 01:23:57]} {[%emt 00:00:13]} 9. Nc3 {[%clk 01:33:35]} {[%emt 00:00:02]}
Bxc3 {[%clk 01:23:33]} {[%emt 00:00:55]} 10. bxc3 {[%clk 01:34:00]} {[%emt
00:00:05]} O-O {[%clk 01:23:43]} {[%emt 00:00:20]} 11. Ng5 {[%clk 01:34:22]}
{[%emt 00:00:08]} h6 {[%clk 01:22:10]} {[%emt 00:02:04]} 12. h4 {[%clk
01:34:49]} {[%emt 00:00:03]} Nce7 {[%clk 01:12:41]} {[%emt 00:09:59]} 13. Qf3
{[%clk 01:22:27]} {[%emt 00:12:51]} Qd6 {[%clk 01:08:50]} {[%emt 00:04:21]} 14.
Ne4 {[%clk 01:05:06]} {[%emt 00:17:50]} Qc6 {[%clk 01:06:23]} {[%emt 00:02:58]}
15. Bb3 {[%clk 01:02:59]} {[%emt 00:02:37]} Bf5 {[%clk 00:59:56]} {[%emt
00:06:57]} 16. Bb2 {[%clk 00:47:53]} {[%emt 00:15:36]} Nb6 {[%clk 00:54:55]}
{[%emt 00:05:31]} 17. Nc5 {[%clk 00:44:58]} {[%emt 00:03:25]} Qxf3 {[%clk
00:53:49]} {[%emt 00:01:36]} 18. gxf3 {[%clk 00:45:25]} {[%emt 00:00:02]} Rab8
{[%clk 00:53:53]} {[%emt 00:00:27]} 19. a4 {[%clk 00:42:00]} {[%emt 00:03:55]}
a5 {[%clk 00:48:39]} {[%emt 00:05:44]} 20. Re1 {[%clk 00:41:07]} {[%emt
00:01:22]} Rfe8 {[%clk 00:44:18]} {[%emt 00:04:50]} 21. Kg2 {[%clk 00:40:20]}
{[%emt 00:01:18]} Nd7 {[%clk 00:42:13]} {[%emt 00:02:35]} 22. Ne4 {[%clk
00:35:44]} {[%emt 00:05:06]} Ng6 {[%clk 00:40:20]} {[%emt 00:02:23]} 23. Bc1
{[%clk 00:35:02]} {[%emt 00:01:14]} Ngf8 {[%clk 00:37:05]} {[%emt 00:03:44]} 24.
Ng3 {[%clk 00:31:20]} {[%emt 00:04:10]} Be6 {[%clk 00:32:43]} {[%emt 00:04:54]}
25. c4 {[%clk 00:25:48]} {[%emt 00:06:02]} Nf6 {[%clk 00:31:15]} {[%emt
00:01:57]} 26. Bf4 {[%clk 00:25:27]} {[%emt 00:00:51]} Rbc8 {[%clk 00:31:06]}
{[%emt 00:00:40]} 27. Ne4 {[%clk 00:25:31]} {[%emt 00:00:26]} Nh5 {[%clk
00:30:36]} {[%emt 00:01:00]} 28. Bh2 {[%clk 00:23:10]} {[%emt 00:02:50]} Ng6
{[%clk 00:30:06]} {[%emt 00:01:01]} 29. Bg3 {[%clk 00:22:34]} {[%emt 00:01:06]}
b6 {[%clk 00:27:48]} {[%emt 00:02:48]} 30. Nc3 {[%clk 00:21:53]} {[%emt
00:01:11]} Ngf4+ {[%clk 00:26:23]} {[%emt 00:01:54]} 31. Kh2 {[%clk 00:21:33]}
{[%emt 00:00:50]} Bf5 {[%clk 00:24:03]} {[%emt 00:02:50]} 32. Nb5 {[%clk
00:20:16]} {[%emt 00:01:48]} Kf8 {[%clk 00:20:02]} {[%emt 00:04:30]} 33. Rxe8+
{[%clk 00:18:47]} {[%emt 00:01:59]} Rxe8 {[%clk 00:17:47]} {[%emt 00:02:46]} 34.
Nxc7 {[%clk 00:16:59]} {[%emt 00:02:17]} Re2 {[%clk 00:17:52]} {[%emt
00:00:26]} 35. Nd5 {[%clk 00:17:05]} {[%emt 00:00:24]} Nxd5 {[%clk 00:17:43]}
{[%emt 00:00:39]} 36. cxd5 {[%clk 00:17:26]} {[%emt 00:00:09]} Nxg3 {[%clk
00:17:11]} {[%emt 00:01:02]} 37. Kxg3 {[%clk 00:17:51]} {[%emt 00:00:05]} Rb2
{[%clk 00:17:08]} {[%emt 00:00:32]} 38. Bc4 {[%clk 00:16:15]} {[%emt 00:02:06]}
Bd7 {[%clk 00:17:05]} {[%emt 00:00:33]} 39. d6 {[%clk 00:10:16]} {[%emt
00:06:30]} Rb4 {[%clk 00:16:38]} {[%emt 00:00:57]} 40. Rc1 {[%clk 00:10:20]}
{[%emt 00:00:25]} Ke8 {[%clk 00:13:54]} {[%emt 00:03:14]} 41. Kf4 {[%clk
00:07:32]} {[%emt 00:03:19]} Rxa4 {[%clk 00:13:45]} {[%emt 00:00:39]} 42. Ke5
{[%clk 00:07:19]} {[%emt 00:00:42]} f6+ {[%clk 00:12:52]} {[%emt 00:01:24]} 43.
Kd5 {[%clk 00:07:39]} {[%emt 00:00:09]} b5 {[%clk 00:11:19]} {[%emt 00:02:03]}
44. Bd3 {[%clk 00:07:18]} {[%emt 00:00:51]} Kd8 {[%clk 00:09:29]} {[%emt
00:02:21]} 45. Rc7 {[%clk 00:07:34]} {[%emt 00:00:13]} b4 {[%clk 00:07:23]}
{[%emt 00:02:37]} 46. Rxd7+ {[%clk 00:08:00]} {[%emt 00:00:04]} Kxd7 {[%clk
00:07:35]} {[%emt 00:00:18]} 47. Bb5+ {[%clk 00:08:29]} Kd8 {[%clk 00:07:52]}
{[%emt 00:00:14]} 48. Bxa4 {[%clk 00:08:56]} {[%emt 00:00:02]}  1-0

[Event "56th Hull Congress"]
[Site "Hull"]
[Date "2019.11.02"]
[Round "3"]
[Board "5"]
[White "Wall, Tim P"]
[Black "Smith, Simon"]
[Result "1-0"]
[WhiteElo "2243"]
[BlackElo "1975"]
[PlyCount "0"]
[EventDate "2019.11.01"]
[EventRounds "5"]
[EventCountry "ENG"]

1. e4 {[%clk 01:30:56]} {[%emt 00:00:03]} d6 {[%clk 01:30:53]} {[%emt
00:00:07]} 2. Nc3 {[%clk 01:31:17]} {[%emt 00:00:09]} Nf6 {[%clk 01:31:08]}
{[%emt 00:00:15]} 3. Bc4 {[%clk 01:31:21]} {[%emt 00:00:26]} g6 {[%clk
01:31:16]} {[%emt 00:00:22]} 4. d3 {[%clk 01:31:37]} {[%emt 00:00:15]} Bg7
{[%clk 01:31:01]} {[%emt 00:00:43]} 5. f4 {[%clk 01:30:39]} {[%emt 00:01:30]}
c6 {[%clk 01:28:42]} {[%emt 00:02:49]} 6. Bb3 {[%clk 01:30:13]} {[%emt
00:00:55]} b5 {[%clk 01:24:50]} {[%emt 00:04:22]} 7. a3 {[%clk 01:29:31]}
{[%emt 00:01:12]} O-O {[%clk 01:20:53]} {[%emt 00:04:27]} 8. Nf3 {[%clk
01:29:50]} {[%emt 00:00:11]} Bg4 {[%clk 01:13:01]} {[%emt 00:08:22]} 9. O-O
{[%clk 01:29:48]} {[%emt 00:00:33]} Qb6+ {[%clk 01:12:44]} {[%emt 00:00:47]} 10.
Kh1 {[%clk 01:29:55]} {[%emt 00:00:23]} Nbd7 {[%clk 01:11:56]} {[%emt
00:01:18]} 11. Qe1 {[%clk 01:29:02]} {[%emt 00:01:23]} e5 {[%clk 01:05:11]}
{[%emt 00:07:14]} 12. f5 {[%clk 01:22:51]} {[%emt 00:06:41]} gxf5 {[%clk
00:59:47]} {[%emt 00:05:54]} 13. exf5 {[%clk 01:21:50]} {[%emt 00:01:31]} Bxf3
{[%clk 00:53:14]} {[%emt 00:07:03]} 14. Rxf3 {[%clk 01:21:48]} {[%emt
00:00:32]} d5 {[%clk 00:53:27]} {[%emt 00:00:17]} 15. Be3 {[%clk 01:17:05]}
{[%emt 00:05:13]} Qc7 {[%clk 00:48:57]} {[%emt 00:05:00]} 16. Qh4 {[%clk
01:11:08]} {[%emt 00:06:27]} Kh8 {[%clk 00:42:37]} {[%emt 00:06:48]} 17. Bg5
{[%clk 01:07:42]} {[%emt 00:03:58]} Rae8 {[%clk 00:42:18]} {[%emt 00:00:48]} 18.
Rh3 {[%clk 01:06:31]} {[%emt 00:01:41]} e4 {[%clk 00:36:06]} {[%emt 00:06:43]}
19. d4 {[%clk 01:00:05]} {[%emt 00:06:56]} e3 {[%clk 00:16:25]} {[%emt
00:20:11]} 20. Bxe3 {[%clk 00:58:46]} {[%emt 00:01:49]} Rg8 {[%clk 00:14:49]}
{[%emt 00:02:07]} 21. Bg5 {[%clk 00:52:35]} {[%emt 00:06:41]} Qd6 {[%clk
00:13:32]} {[%emt 00:01:47]} 22. Bf4 {[%clk 00:45:41]} {[%emt 00:07:23]} Qe7
{[%clk 00:12:44]} {[%emt 00:01:19]} 23. g4 {[%clk 00:39:46]} {[%emt 00:06:25]}
Nf8 {[%clk 00:12:39]} {[%emt 00:00:35]} 24. g5 {[%clk 00:39:38]} {[%emt
00:00:38]} Ne4 {[%clk 00:12:11]} {[%emt 00:00:57]} 25. f6 {[%clk 00:38:18]}
{[%emt 00:01:50]} Bxf6 {[%clk 00:11:48]} {[%emt 00:00:53]} 26. gxf6 {[%clk
00:38:02]} {[%emt 00:00:46]} Qe6 {[%clk 00:12:14]} {[%emt 00:00:04]} 27. Rg1
{[%clk 00:21:55]} {[%emt 00:16:36]} Qxh3 {[%clk 00:11:44]} {[%emt 00:01:01]} 28.
Rxg8+ {[%clk 00:22:09]} {[%emt 00:00:17]} Kxg8 {[%clk 00:12:12]} {[%emt
00:00:01]} 29. Qxh3 {[%clk 00:22:26]} {[%emt 00:00:14]} Nf2+ {[%clk 00:12:38]}
{[%emt 00:00:04]} 30. Kg2 {[%clk 00:22:44]} {[%emt 00:00:12]} Nxh3 {[%clk
00:13:05]} {[%emt 00:00:02]} 31. Kxh3 {[%clk 00:23:01]} {[%emt 00:00:14]} Nd7
{[%clk 00:12:44]} {[%emt 00:00:51]} 32. Kg3 {[%clk 00:13:20]} {[%emt 00:10:10]}
Nxf6 {[%clk 00:12:59]} {[%emt 00:00:15]} 33. Kf3 {[%clk 00:12:31]} {[%emt
00:01:18]} Ne4 {[%clk 00:09:20]} {[%emt 00:04:09]} 34. Na2 {[%clk 00:12:03]}
{[%emt 00:00:59]} a5 {[%clk 00:09:44]} {[%emt 00:00:06]} 35. a4 {[%clk
00:12:13]} {[%emt 00:00:21]} b4 {[%clk 00:10:02]} {[%emt 00:00:12]} 36. Nc1
{[%clk 00:08:32]} {[%emt 00:04:10]} Re7 {[%clk 00:09:00]} {[%emt 00:01:33]} 37.
Nd3 {[%clk 00:08:55]} {[%emt 00:00:07]} f6 {[%clk 00:09:18]} {[%emt 00:00:12]}
38. Nc5 {[%clk 00:08:29]} {[%emt 00:00:55]} Nxc5 {[%clk 00:09:23]} {[%emt
00:00:25]} 39. dxc5 {[%clk 00:08:54]} {[%emt 00:00:05]} Kg7 {[%clk 00:09:37]}
{[%emt 00:00:15]} 40. Bd6 {[%clk 00:07:56]} {[%emt 00:01:29]} Rb7 {[%clk
00:07:57]} {[%emt 00:02:10]} 41. Ke3 {[%clk 00:08:09]} {[%emt 00:00:17]} Kf7
{[%clk 00:07:23]} {[%emt 00:01:04]} 42. Kd3 {[%clk 00:07:41]} {[%emt 00:00:58]}
Ke6 {[%clk 00:07:24]} {[%emt 00:00:28]} 43. c4 {[%clk 00:06:50]} {[%emt
00:01:22]} bxc3 {[%clk 00:07:47]} {[%emt 00:00:07]} 44. Kxc3 {[%clk 00:07:07]}
{[%emt 00:00:13]} f5 {[%clk 00:07:00]} {[%emt 00:01:16]} 45. Bd1 {[%clk
00:06:33]} {[%emt 00:01:05]} Rb4 {[%clk 00:07:04]} {[%emt 00:00:26]} 46. b3
{[%clk 00:06:19]} {[%emt 00:00:44]} Rh4 {[%clk 00:06:24]} {[%emt 00:01:10]} 47.
Bc7 {[%clk 00:06:00]} {[%emt 00:00:48]} f4 {[%clk 00:06:48]} {[%emt 00:00:06]}
48. Kd3 {[%clk 00:05:03]} {[%emt 00:01:28]} Kf5 {[%clk 00:06:19]} {[%emt
00:00:59]} 49. Bxa5 {[%clk 00:04:52]} {[%emt 00:00:41]} Rh3+ {[%clk 00:06:42]}
{[%emt 00:00:06]} 50. Kd4 {[%clk 00:03:29]} {[%emt 00:01:54]} Rxh2 {[%clk
00:07:04]} {[%emt 00:00:08]} 51. Bc3 {[%clk 00:03:35]} {[%emt 00:00:25]} h5
{[%clk 00:06:23]} {[%emt 00:01:10]} 52. b4 {[%clk 00:03:56]} {[%emt 00:00:10]}
h4 {[%clk 00:06:12]} {[%emt 00:00:40]} 53. b5 {[%clk 00:04:16]} {[%emt
00:00:10]} Rg2 {[%clk 00:04:22]} {[%emt 00:02:20]} 54. b6 {[%clk 00:03:46]}
{[%emt 00:01:01]} Ke6 {[%clk 00:03:38]} {[%emt 00:01:13]} 55. b7 {[%clk
00:03:48]} {[%emt 00:00:28]} Rg8 {[%clk 00:04:06]} {[%emt 00:00:02]} 56. Bg4+
{[%clk 00:03:19]} {[%emt 00:00:59]}  1-0

[Event "56th Hull Congress"]
[Site "Hull"]
[Date "2019.11.02"]
[Round "3"]
[Board "6"]
[White "Milson, Samuel A"]
[Black "Han, Yichen"]
[Result "1-0"]
[WhiteElo "2080"]
[BlackElo "2191"]
[PlyCount "0"]
[EventDate "2019.11.01"]
[EventRounds "5"]
[EventCountry "ENG"]

1. e4 {[%clk 01:30:57]} {[%emt 00:00:02]} e5 {[%clk 01:30:54]} {[%emt
00:00:06]} 2. Nf3 {[%clk 01:31:21]} {[%emt 00:00:06]} Nc6 {[%clk 01:31:20]}
{[%emt 00:00:05]} 3. Bb5 {[%clk 01:31:43]} {[%emt 00:00:08]} a6 {[%clk
01:31:43]} {[%emt 00:00:07]} 4. Ba4 {[%clk 01:32:07]} {[%emt 00:00:05]} Nf6
{[%clk 01:32:06]} {[%emt 00:00:08]} 5. O-O {[%clk 01:32:30]} {[%emt 00:00:07]}
Be7 {[%clk 01:32:27]} {[%emt 00:00:08]} 6. Re1 {[%clk 01:32:49]} {[%emt
00:00:11]} b5 {[%clk 01:32:49]} {[%emt 00:00:08]} 7. Bb3 {[%clk 01:33:13]}
{[%emt 00:00:06]} d6 {[%clk 01:32:49]} {[%emt 00:00:31]} 8. c3 {[%clk
01:33:22]} {[%emt 00:00:21]} O-O {[%clk 01:31:42]} {[%emt 00:01:36]} 9. h3
{[%clk 01:33:40]} {[%emt 00:00:12]} Na5 {[%clk 01:32:01]} {[%emt 00:00:11]} 10.
Bc2 {[%clk 01:34:03]} {[%emt 00:00:07]} c5 {[%clk 01:32:26]} {[%emt 00:00:06]}
11. d4 {[%clk 01:34:15]} {[%emt 00:00:17]} Qc7 {[%clk 01:28:06]} {[%emt
00:04:49]} 12. d5 {[%clk 01:33:18]} {[%emt 00:01:28]} c4 {[%clk 01:26:44]}
{[%emt 00:01:53]} 13. Nbd2 {[%clk 01:33:31]} {[%emt 00:00:16]} Nd7 {[%clk
01:22:57]} {[%emt 00:04:16]} 14. Nf1 {[%clk 01:33:19]} {[%emt 00:00:42]} Re8
{[%clk 01:22:48]} {[%emt 00:00:40]} 15. Ng3 {[%clk 01:32:45]} {[%emt 00:01:04]}
Bf8 {[%clk 01:22:05]} {[%emt 00:01:14]} 16. Nf5 {[%clk 01:29:54]} {[%emt
00:03:20]} Nc5 {[%clk 01:19:51]} {[%emt 00:02:44]} 17. N3h4 {[%clk 01:23:27]}
{[%emt 00:06:57]} Qd8 {[%clk 01:13:02]} {[%emt 00:07:18]} 18. Qg4 {[%clk
01:18:34]} {[%emt 00:05:24]} g6 {[%clk 01:06:48]} {[%emt 00:06:44]} 19. Qg3
{[%clk 01:17:30]} {[%emt 00:01:33]} Kh8 {[%clk 01:06:10]} {[%emt 00:01:08]} 20.
Bg5 {[%clk 01:07:17]} {[%emt 00:10:44]} f6 {[%clk 00:57:43]} {[%emt 00:08:57]}
21. Nxg6+ {[%clk 01:05:13]} {[%emt 00:02:33]} hxg6 {[%clk 00:58:01]} {[%emt
00:00:13]} 22. Qh4+ {[%clk 01:05:37]} {[%emt 00:00:06]} Kg8 {[%clk 00:58:24]}
{[%emt 00:00:07]} 23. Bxf6 {[%clk 01:05:57]} {[%emt 00:00:09]} Qd7 {[%clk
00:57:40]} {[%emt 00:01:14]} 24. Qh8+ {[%clk 01:05:35]} {[%emt 00:00:53]} Kf7
{[%clk 00:58:03]} {[%emt 00:00:07]} 25. Nh4 {[%clk 01:04:50]} {[%emt 00:01:15]}
Bh6 {[%clk 00:47:37]} {[%emt 00:10:54]} 26. Qxh6 {[%clk 01:04:19]} {[%emt
00:01:03]} Kxf6 {[%clk 00:48:00]} {[%emt 00:00:08]} 27. Qxg6+ {[%clk 01:04:28]}
{[%emt 00:00:20]} Ke7 {[%clk 00:48:22]} {[%emt 00:00:08]} 28. Qg5+ {[%clk
01:04:48]} {[%emt 00:00:10]} Kf7 {[%clk 00:48:12]} {[%emt 00:00:39]} 29. Re3
{[%clk 01:05:02]} {[%emt 00:00:15]} Rh8 {[%clk 00:39:52]} {[%emt 00:08:51]} 30.
Qg6+ {[%clk 01:02:34]} {[%emt 00:02:59]} Ke7 {[%clk 00:40:01]} {[%emt
00:00:20]} 31. Qg7+ {[%emt 00:05:49]}  1-0